000 00621nam a2200205 a 4500
999 _c8368
_d8368
003 BD-JhCC
005 20180222114422.0
008 180222s2000 bg a|||| ||a| 000 0 ben d
035 _a(BD-JhCC)
040 _aBD-JhCC
_dBD-JhCC
041 _aben
082 _a540
_bKUN 2000
100 _aকুণ্ড, কালিপদ
245 _aউচ্চ মাধ্যমিক রসায়ন /
_cকালিপদ কুণ্ড,
260 _aঢাকা :
_bমল্লিক ব্রাদার্স,
_c2000
300 _a455 p. :
_c24 cm.
650 _aChemistry
942 _2ddc
_cBK